Chọn tạo giống lúa chịu mặn có hàm lượng sắt trong gạo cao và amylose thấp : Luận án tiến sĩ chuyên ngành. Công nghệ Sinh học
Đề tài nhằm mục đích lai tạo và chọn lọc giống lúa mới vừa có khả năng trồng được trên đất nhiễm mặn, vừa giàu sắt và có hàm lượng amylose thấp. Mặt khác, nghiên cứu giống lúa có khả năng chịu mặn thông qua sự kết hợp giữa phươn...
Đã lưu trong:
| Hovedforfatter: | |
|---|---|
| Format: | Bog |
| Sprog: | Undetermined |
| Udgivet: |
Cần Thơ
Trường Đại học Cần Thơ
2019
|
| Fag: | |
| Tags: |
Tilføj Tag
Ingen Tags, Vær først til at tagge denne postø!
|
| Thư viện lưu trữ: | Trung tâm Học liệu Trường Đại học Cần Thơ |
|---|
| LEADER | 01466nam a2200241Ia 4500 | ||
|---|---|---|---|
| 001 | CTU_233384 | ||
| 008 | 210402s9999 xx 000 0 und d | ||
| 082 | |a 633.18 | ||
| 082 | |b D527 | ||
| 088 | |a 62422001 | ||
| 100 | |a Nguyễn, Thị Mỹ Duyên | ||
| 245 | 0 | |a Chọn tạo giống lúa chịu mặn có hàm lượng sắt trong gạo cao và amylose thấp : | |
| 245 | 0 | |b Luận án tiến sĩ chuyên ngành. Công nghệ Sinh học | |
| 245 | 0 | |c Nguyễn Thị Mỹ Duyên ; Trần, Thị Cúc Hòa (Hướng dẫn khoa học) | |
| 260 | |a Cần Thơ | ||
| 260 | |b Trường Đại học Cần Thơ | ||
| 260 | |c 2019 | ||
| 520 | |a Đề tài nhằm mục đích lai tạo và chọn lọc giống lúa mới vừa có khả năng trồng được trên đất nhiễm mặn, vừa giàu sắt và có hàm lượng amylose thấp. Mặt khác, nghiên cứu giống lúa có khả năng chịu mặn thông qua sự kết hợp giữa phương pháp lai tạo truyền thống và chọn lọc hiện đại bằng chỉ thị phân tử cho phép rút ngắn thời gian và tăng hiệu quả chọn tạo giống lúa. | ||
| 650 | |a Cây lúa,Rice | ||
| 650 | |x Nhân giống,Breeding | ||
| 910 | |b tvtrong | ||
| 910 | |c tvtrong,tvtrong | ||
| 980 | |a Trung tâm Học liệu Trường Đại học Cần Thơ | ||